| 000 | 00540cam a2200205 4500 | ||
|---|---|---|---|
| 001 | D15490 | ||
| 008 | 090401t1981 xxu||||| |||| 00| 0 eng d | ||
| 035 | _a(Sirsi) u23166 | ||
| 041 | _aeng | ||
| 050 | _a306.1 | ||
| 110 |
_aRoyal Institution of Chartered Surveyors _94900 |
||
| 245 | _aHousing in the Institution: report of a working party | ||
| 260 |
_bRICS _c1981 |
||
| 300 | _a36p. 30cm | ||
| 350 | _a0 | ||
| 520 | _aFiled in box RICS 1981/36 A | ||
| 710 |
_aGeneral Practice Division _9752 |
||
| 942 | _n0 | ||
| 948 | _c04/03/1997 | ||
| 999 |
_c88335 _d88335 |
||